00449 a2200169 4500001000700000003000400007005001700011008004100028082001800069245006700087260002700154300001000181700002500191700002100216700002100237700002100258132617OSt20220119151748.0  a515.353bT72T1 aTrends in nonlinear analysiscby Markus Kirkilionis...[et.al.] aBerlinbSpringerc2003 a419p. aKirkilionis, Markus  aKromker, Susanne aRannacher, Rolf  aTomi, Friedrich